000 00580nam a2200181Ia 4500
008 100920s9999 xx 000 0 und d
082 _b38725
_a24 थ 77
100 _aकाळे भानु.
245 _aउच्चभ्रू कलिंगड.
260 _bमेनका प्रकाशन पुणे-30.
_c1977
300 _a164
_bसाधी
365 _b10
520 _aसायो.
630 _aउच्चभ्रू कलिंगड.
650 _aसायो.
730 _aउच्चभ्रू कलिंगड.
942 _cBOOK
999 _c690686
_d690683